[Event "DSJ Weihnachtsturnier U16: Steinitz 2020"]
[Site ""]
[Date "2020.12.28"]
[Round "1"]
[White "Matthäi, Jakob"]
[Black "Duong, Quang Bach"]
[Result "1-0"]
[Termination "normal"]
[Board "8.1"]
[WhiteElo "1919"]
[BlackElo "1440"]
[WhiteTeam "USG Chemnitz"]
[BlackTeam "SK Nürnberg 1911"]
[PlyCount "51"]
[WhiteFideId "16240421"]
[BlackFideId "16287045"]
[EventRounds "7"]
[EventType "team-swiss"]
[EventDate "2020.12.28"]

1. c4 {[%emt 0:00:18]} c6 {[%emt 0:00:01]} 2. g3 {[%emt 0:00:52]} d5 {[%emt
0:00:03] Chemni1-001 reconnected.} 3. Nf3 {[%emt 0:00:38]} Nf6 {[%emt 0:00:04]}
4. Bg2 {[%emt 0:00:04]} dxc4 {[%emt 0:00:03]} 5. O-O {[%emt 0:00:10]} Nbd7 {
[%emt 0:00:18]} 6. Qc2 {[%emt 0:00:19]} Nb6 {[%emt 0:00:02]} 7. Na3 {[%emt
0:00:02]} Be6 {[%emt 0:00:23]} 8. Ng5 {[%emt 0:01:11]} Bd5 {[%emt 0:00:04]} 9.
e4 {[%emt 0:01:29]} h6 {[%emt 0:00:03]} 10. exd5 {[%emt 0:00:05]} hxg5 {[%emt
0:00:02]} 11. dxc6 {[%emt 0:00:01]} Qd4 {[%emt 0:00:58]} 12. cxb7 {[%emt
0:01:22] } Rb8 {[%emt 0:00:58]} 13. Nb5 {[%emt 0:00:07]} Qd7 {[%emt 0:00:29]}
14. Nxa7 { [%emt 0:00:08]} Kd8 {[%emt 0:02:26]} 15. Nc6+ {[%emt 0:00:11]} Kc7
{[%emt 0:00:04]} 16. Nxb8 {[%emt 0:00:03]} Kxb8 {[%emt 0:00:00]} 17. a4 {[%emt
0:00:07]} e5 {[%emt 0:00:31]} 18. a5 {[%emt 0:00:04]} Nbd5 {[%emt 0:00:02]} 19.
a6 {[%emt 0:00:15]} Bc5 {[%emt 0:00:05]} 20. Qxc4 {[%emt 0:00:12]} Ba7 {[%emt
0:00:02]} 21. b4 {[%emt 0:00:21]} e4 {[%emt 0:00:52]} 22. Bb2 {[%emt 0:00:16]}
Qf5 {[%emt 0:00:41]} 23. Bd4 {[%emt 0:00:21]} Nb6 {[%emt 0:00:58]} 24. Qc3
{[%emt 0:00:36]} Ng4 {[%emt 0:00:16]} 25. h3 {[%emt 0:00:22]} Nf6 {[%emt
0:00:23]} 26. Be5+ { [%emt 0:00:05] Nuernberg001 resigns} 1-0

[Event "DSJ Weihnachtsturnier U16: Steinitz 2020"]
[Site ""]
[Date "2020.12.28"]
[Round "1"]
[White "Weinmann, Benedict"]
[Black "Ehrig, Leon Chris"]
[Result "0-1"]
[Termination "normal"]
[Board "8.2"]
[WhiteElo "1165"]
[BlackElo "1685"]
[WhiteTeam "SK Nürnberg 1911"]
[BlackTeam "USG Chemnitz"]
[PlyCount "102"]
[WhiteFideId "34601937"]
[BlackFideId "16244796"]
[EventRounds "7"]
[EventType "team-swiss"]
[EventDate "2020.12.28"]

1. e4 {[%emt 0:00:05]} Nf6 {[%emt 0:00:15]} 2. e5 {[%emt 0:00:05]} Nd5 { [%emt
0:00:05]} 3. c4 {[%emt 0:00:03]} Nb6 {[%emt 0:00:04]} 4. c5 {[%emt 0:00:02]}
Nd5 {[%emt 0:00:03]} 5. Nf3 {[%emt 0:00:07]} d6 {[%emt 0:00:13]} 6. cxd6 {
[%emt 0:00:07]} exd6 {[%emt 0:00:03]} 7. Bc4 {[%emt 0:00:06]} Nb6 {[%emt
0:00:03]} 8. Be2 {[%emt 0:00:15]} Nc6 {[%emt 0:00:04]} 9. exd6 {[%emt 0:00:02]}
Bxd6 {[%emt 0:00:00]} 10. O-O {[%emt 0:00:07]} O-O {[%emt 0:00:02]} 11. Nc3 {
[%emt 0:00:05]} Bg4 {[%emt 0:00:18]} 12. Ne1 {[%emt 0:00:10]} Bxe2 {[%emt
0:00:33]} 13. Qxe2 {[%emt 0:00:10]} Nd4 {[%emt 0:00:25]} 14. Qd1 {[%emt
0:00:31]} Re8 {[%emt 0:00:35]} 15. Nf3 {[%emt 0:00:15]} Qf6 {[%emt 0:00:21]}
16. Nxd4 { [%emt 0:00:43]} Qxd4 {[%emt 0:00:03]} 17. Qf3 {[%emt 0:00:04]} Re7
{[%emt 0:00:18]} 18. Nb5 {[%emt 0:00:18]} Bxh2+ {[%emt 0:00:42]} 19. Kxh2
{[%emt 0:00:12]} Qe5+ {[%emt 0:00:02]} 20. Kg1 {[%emt 0:00:06]} Qxb5 {[%emt
0:00:02]} 21. Qxb7 { [%emt 0:00:06]} Rae8 {[%emt 0:00:03]} 22. Qf3 {[%emt
0:00:03]} Qxf1+ {[%emt 0:00:08]} 23. Kh2 {[%emt 0:00:05]} Qe2 {[%emt 0:00:09]}
24. Qxe2 {[%emt 0:00:20]} Rxe2 {[%emt 0:00:03]} 25. Kg3 {[%emt 0:00:10]} Nc4
{[%emt 0:00:04]} 26. d3 { [%emt 0:00:03]} Nxb2 {[%emt 0:00:03]} 27. Bxb2 {[%emt
0:00:02]} Rxb2 {[%emt 0:00:02]} 28. Rc1 {[%emt 0:00:01]} Rxa2 {[%emt 0:00:02]}
29. Rxc7 {[%emt 0:00:01] } a5 {[%emt 0:00:00]} 30. Ra7 {[%emt 0:00:02]} h6
{[%emt 0:00:02]} 31. d4 { [%emt 0:00:01]} Rd8 {[%emt 0:00:02]} 32. Kf4 {[%emt
0:00:04]} Rxd4+ {[%emt 0:00:02]} 33. Ke5 {[%emt 0:00:01]} Rdd2 {[%emt 0:00:04]}
34. Ra8+ {[%emt 0:00:08] } Kh7 {[%emt 0:00:03]} 35. Rf8 {[%emt 0:00:03]} f6+
{[%emt 0:00:05]} 36. Ke6 { [%emt 0:00:03]} a4 {[%emt 0:00:01]} 37. Kf7 {[%emt
0:00:03]} a3 {[%emt 0:00:09] } 38. Rg8 {[%emt 0:00:01]} Rd7+ {[%emt 0:00:02]}
39. Ke6 {[%emt 0:00:03]} Ra7 { [%emt 0:00:02]} 40. Rc8 {[%emt 0:00:04]} Rxf2
{[%emt 0:00:03]} 41. Rc3 { [%emt 0:00:02]} a2 {[%emt 0:00:01]} 42. Rc1 {[%emt
0:00:05]} a1=Q {[%emt 0:00:06]} 43. Rxa1 {[%emt 0:00:02]} Rxa1 {[%emt 0:00:03]}
44. Kd5 {[%emt 0:00:01]} Rxg2 {[%emt 0:00:01]} 45. Kd4 {[%emt 0:00:01]} h5
{[%emt 0:00:00]} 46. Ke3 { [%emt 0:00:01]} h4 {[%emt 0:00:04]} 47. Kf3 {[%emt
0:00:01]} h3 {[%emt 0:00:01] } 48. Kf4 {[%emt 0:00:01]} Ra4+ {[%emt 0:00:02]}
49. Kf5 {[%emt 0:00:01]} h2 { [%emt 0:00:08]} 50. Ke6 {[%emt 0:00:02]} Re2+
{[%emt 0:00:02]} 51. Kf5 { [%emt 0:00:02]} Re5# {[%emt 0:00:06]} 0-1

[Event "DSJ Weihnachtsturnier U16: Steinitz 2020"]
[Site ""]
[Date "2020.12.28"]
[Round "1"]
[White "Lorenz, Jakob"]
[Black "Heemann, Jonas"]
[Result "1-0"]
[Termination "normal"]
[Board "8.3"]
[WhiteElo "1575"]
[BlackElo "998"]
[WhiteTeam "USG Chemnitz"]
[BlackTeam "SK Nürnberg 1911"]
[PlyCount "67"]
[WhiteFideId "16259475"]
[BlackFideId "34686975"]
[EventRounds "7"]
[EventType "team-swiss"]
[EventDate "2020.12.28"]

1. e4 {[%emt 0:00:14]} Nf6 {[%emt 0:00:34]} 2. e5 {[%emt 0:00:19]} Nd5 { [%emt
0:00:02]} 3. c4 {[%emt 0:00:15]} Nb6 {[%emt 0:00:11]} 4. d4 {[%emt 0:00:34]} d6
{[%emt 0:00:02]} 5. exd6 {[%emt 0:00:11]} exd6 {[%emt 0:00:13]} 6. Nf3 {[%emt
0:00:17]} Bg4 {[%emt 0:00:03]} 7. Nc3 {[%emt 0:00:28]} Qe7+ {[%emt 0:00:26]} 8.
Qe2 {[%emt 0:00:17]} Bxf3 {[%emt 0:01:03]} 9. Qxe7+ {[%emt 0:00:25]} Bxe7
{[%emt 0:00:07]} 10. gxf3 {[%emt 0:00:01]} Nc6 {[%emt 0:00:13]} 11. Be3 { [%emt
0:00:09]} O-O {[%emt 0:00:06]} 12. b3 {[%emt 0:00:09]} Rae8 {[%emt 0:00:09]}
13. Kd2 {[%emt 0:00:06]} Bf6 {[%emt 0:00:12]} 14. d5 {[%emt 0:00:23]} Bxc3+
{[%emt 0:00:11]} 15. Kxc3 {[%emt 0:00:04]} Ne5 {[%emt 0:00:03]} 16. f4 { [%emt
0:00:36]} Ng4 {[%emt 0:00:10]} 17. Kd3 {[%emt 0:00:17]} Nd7 {[%emt 0:00:26]}
18. Bh3 {[%emt 0:00:19]} Nxe3 {[%emt 0:00:09]} 19. Bxd7 {[%emt 0:00:26]} Rd8
{[%emt 0:00:06]} 20. Bh3 {[%emt 0:00:15]} Nxc4 {[%emt 0:00:54]} 21. bxc4 {
[%emt 0:00:02]} c5 {[%emt 0:00:11]} 22. Rhe1 {[%emt 0:00:09]} a6 {[%emt
0:00:07]} 23. a4 {[%emt 0:00:04]} Rfe8 {[%emt 0:00:07]} 24. Re3 {[%emt
0:00:09]} Rxe3+ {[%emt 0:00:14]} 25. fxe3 {[%emt 0:00:02]} Ra8 {[%emt 0:00:03]}
26. Rb1 { [%emt 0:00:05]} Kf8 {[%emt 0:00:09]} 27. Rxb7 {[%emt 0:00:04]} Ke8
{[%emt 0:00:04]} 28. Rd7 {[%emt 0:00:12]} Rb8 {[%emt 0:00:14]} 29. Kc3 {[%emt
0:00:14]} a5 {[%emt 0:00:21]} 30. Rxd6 {[%emt 0:00:20]} Rb4 {[%emt 0:00:09]}
31. Rc6 { [%emt 0:00:16]} Rxa4 {[%emt 0:00:17]} 32. d6 {[%emt 0:00:03]} Ra3+
{[%emt 0:00:04]} 33. Kb2 {[%emt 0:00:03]} Rxe3 {[%emt 0:00:05]} 34. Rc8# {[%emt
0:00:01]} 1-0

[Event "DSJ Weihnachtsturnier U16: Steinitz 2020"]
[Site ""]
[Date "2020.12.28"]
[Round "1"]
[White "Schulz, Bruno Andreas"]
[Black "Tovmasyan, Minas"]
[Result "0-1"]
[Termination "normal"]
[Board "9.1"]
[WhiteElo "1171"]
[BlackElo "1771"]
[WhiteTeam "TuS Makkabi Rostock 2"]
[BlackTeam "TuS Makkabi Rostock"]
[PlyCount "152"]
[WhiteFideId "34618473"]
[BlackFideId "16247620"]
[EventRounds "7"]
[EventType "team-swiss"]
[EventDate "2020.12.28"]

1. d4 {[%emt 0:00:02]} Nf6 {[%emt 0:00:03]} 2. c4 {[%emt 0:00:02]} c5 {[%emt
0:00:02]} 3. d5 {[%emt 0:00:01]} b5 {[%emt 0:00:12]} 4. cxb5 {[%emt 0:00:01]}
a6 {[%emt 0:00:02]} 5. Nf3 {[%emt 0:00:08]} axb5 {[%emt 0:00:12]} 6. e3 {[%emt
0:00:06]} b4 {[%emt 0:00:36]} 7. Nbd2 {[%emt 0:00:26]} d6 {[%emt 0:00:06]} 8.
Nb3 {[%emt 0:00:06]} g6 {[%emt 0:00:10]} 9. Be2 {[%emt 0:00:06]} Bg7 {[%emt
0:00:03]} 10. O-O {[%emt 0:00:03]} O-O {[%emt 0:00:02]} 11. Re1 {[%emt
0:00:08]} Nbd7 {[%emt 0:01:49]} 12. Bf1 {[%emt 0:00:15]} Ne4 {[%emt 0:01:20]}
13. Qc2 { [%emt 0:00:24]} Nef6 {[%emt 0:01:04]} 14. g3 {[%emt 0:00:10]} Nxd5
{[%emt 0:00:18]} 15. Bg2 {[%emt 0:00:12]} Bb7 {[%emt 0:00:23]} 16. Ng5 {[%emt
0:00:22]} Qc7 {[%emt 0:00:26]} 17. Nh3 {[%emt 0:00:14]} N7f6 {[%emt 0:00:14]}
18. e4 { [%emt 0:00:20]} Nb6 {[%emt 0:00:05]} 19. Nf4 {[%emt 0:00:03]} e5
{[%emt 0:00:59]} 20. Nh3 {[%emt 0:00:32]} c4 {[%emt 0:00:30]} 21. Bd2 {[%emt
0:00:19]} Rac8 {[%emt 0:00:13]} 22. Na5 {[%emt 0:00:06]} c3 {[%emt 0:00:20]}
23. bxc3 { [%emt 0:00:10]} bxc3 {[%emt 0:00:04]} 24. Nxb7 {[%emt 0:00:03]} cxd2
{[%emt 0:00:05]} 25. Qxd2 {[%emt 0:00:05]} Qxb7 {[%emt 0:00:01]} 26. Qxd6
{[%emt 0:00:03]} Nc4 {[%emt 0:00:05]} 27. Qd1 {[%emt 0:00:15]} Rfd8 {[%emt
0:00:01]} 28. Qe2 {[%emt 0:00:10]} Qb2 {[%emt 0:00:09]} 29. Qxb2 {[%emt
0:00:05]} Nxb2 { [%emt 0:00:00]} 30. Rab1 {[%emt 0:00:02]} Nd3 {[%emt 0:00:01]}
31. Red1 { [%emt 0:00:02]} Nc5 {[%emt 0:00:12]} 32. Rxd8+ {[%emt 0:00:04]} Rxd8
{[%emt 0:00:00]} 33. Rc1 {[%emt 0:00:02]} Ncxe4 {[%emt 0:00:02]} 34. Bxe4
{[%emt 0:00:04]} Nxe4 {[%emt 0:00:00]} 35. Re1 {[%emt 0:00:01]} Nc3 {[%emt
0:00:07]} 36. Ng5 {[%emt 0:00:04]} Rd1 {[%emt 0:00:03]} 37. Rxd1 {[%emt
0:00:02]} Nxd1 { [%emt 0:00:00]} 38. Kf1 {[%emt 0:00:02]} Nc3 {[%emt 0:00:02]}
39. a3 {[%emt 0:00:02]} Bf8 {[%emt 0:00:01]} 40. Nf3 {[%emt 0:00:04]} f6 {[%emt
0:00:03]} 41. Nd2 {[%emt 0:00:05]} Bxa3 {[%emt 0:00:02]} 42. Nc4 {[%emt
0:00:02]} Bc5 { [%emt 0:00:03]} 43. Ke1 {[%emt 0:00:03]} Kf7 {[%emt 0:00:04]}
44. f3 {[%emt 0:00:06]} Ke6 {[%emt 0:00:03]} 45. Kd2 {[%emt 0:00:03]} Nd5
{[%emt 0:00:01]} 46. Ke2 {[%emt 0:00:03]} f5 {[%emt 0:00:04]} 47. h4 {[%emt
0:00:05]} e4 {[%emt 0:00:19]} 48. fxe4 {[%emt 0:00:08]} fxe4 {[%emt 0:00:07]}
49. g4 {[%emt 0:00:06]} h6 {[%emt 0:00:10]} 50. Kd2 {[%emt 0:00:14]} h5 {[%emt
0:00:06]} 51. g5 { [%emt 0:00:03]} Kf5 {[%emt 0:00:02]} 52. Ke2 {[%emt
0:00:01]} e3 {[%emt 0:00:11]} 53. Kf3 {[%emt 0:00:11]} Nf4 {[%emt 0:00:07]} 54.
Nxe3+ {[%emt 0:00:04]} Bxe3 {[%emt 0:00:01]} 55. Kxe3 {[%emt 0:00:01]} Kg4
{[%emt 0:00:00]} 56. Kf2 { [%emt 0:00:01]} Kxh4 {[%emt 0:00:02]} 57. Kg1 {[%emt
0:00:02]} Kxg5 {[%emt 0:00:01]} 58. Kh2 {[%emt 0:00:03]} Kg4 {[%emt 0:00:01]}
59. Kg1 {[%emt 0:00:01]} h4 {[%emt 0:00:00]} 60. Kh2 {[%emt 0:00:02]} Kg5
{[%emt 0:00:01]} 61. Kg1 { [%emt 0:00:03]} Kg4 {[%emt 0:00:01]} 62. Kh2 {[%emt
0:00:01]} g5 {[%emt 0:00:00]} 63. Kg1 {[%emt 0:00:01]} Kg3 {[%emt 0:00:02]} 64.
Kh1 {[%emt 0:00:01]} h3 {[%emt 0:00:02]} 65. Kg1 {[%emt 0:00:01]} g4 {[%emt
0:00:01]} 66. Kh1 {[%emt 0:00:02]} Kh4 {[%emt 0:00:02]} 67. Kh2 {[%emt
0:00:01]} g3+ {[%emt 0:00:01]} 68. Kh1 {[%emt 0:00:02]} Nd3 {[%emt 0:00:04]}
69. Kg1 {[%emt 0:00:03]} g2 {[%emt 0:00:10]} 70. Kh2 {[%emt 0:00:02]} Ne5
{[%emt 0:00:01]} 71. Kg1 {[%emt 0:00:01]} Nf3+ {[%emt 0:00:03]} 72. Kf2 {[%emt
0:00:01]} Kg4 {[%emt 0:00:08]} 73. Ke2 { [%emt 0:00:03]} g1=Q {[%emt 0:00:03]}
74. Kd3 {[%emt 0:00:04]} Qd4+ {[%emt 0:00:02]} 75. Ke2 {[%emt 0:00:02]} Qd2+
{[%emt 0:00:01]} 76. Kf1 {[%emt 0:00:03]} Qg2# {[%emt 0:00:03]} 0-1

[Event "DSJ Weihnachtsturnier U16: Steinitz 2020"]
[Site ""]
[Date "2020.12.28"]
[Round "1"]
[White "Röste, Hugo"]
[Black "Kirchner, Bao Long Marc"]
[Result "1-0"]
[Termination "normal"]
[Board "9.2"]
[WhiteElo "1597"]
[BlackElo "1312"]
[WhiteTeam "TuS Makkabi Rostock"]
[BlackTeam "TuS Makkabi Rostock 2"]
[PlyCount "29"]
[WhiteFideId "16247604"]
[EventRounds "7"]
[EventType "team-swiss"]
[EventDate "2020.12.28"]

1. d4 {[%emt 0:00:05]} d5 {[%emt 0:00:03] .} 2. c4 {[%emt 0:00:02]} e6 {[%emt
0:00:02] .} 3. Nc3 {[%emt 0:00:04]} Nf6 {[%emt 0:00:02] .} 4. Bg5 {[%emt
0:00:03]} Be7 {[%emt 0:00:15] .} 5. e3 {[%emt 0:00:04]} O-O {[%emt 0:00:08] .}
6. Nf3 {[%emt 0:00:04]} h6 {[%emt 0:00:10] .} 7. Bh4 { [%emt 0:00:04]} Nbd7
{[%emt 0:00:15] .} 8. Bd3 {[%emt 0:00:07]} c5 {[%emt 0:00:17] .} 9. dxc5 {[%emt
0:00:06]} Nxc5 {[%emt 0:00:02] .} 10. cxd5 {[%emt 0:00:03]} exd5 {[%emt
0:00:04] .} 11. O-O {[%emt 0:00:03]} Qd6 {[%emt 0:00:25] .} 12. Bg3 {[%emt
0:00:06]} Qe6 {[%emt 0:00:15] .} 13. Bc2 {[%emt 0:00:12]} Nce4 { [%emt 0:00:14]
.} 14. Nxe4 {[%emt 0:00:18]} dxe4 {[%emt 0:00:09] .} 15. Nd4 { [%emt 0:00:02] '
Arbiter Decision (ClaimWin Time Overstepped), result=2} 1-0

[Event "DSJ Weihnachtsturnier U16: Steinitz 2020"]
[Site ""]
[Date "2020.12.28"]
[Round "1"]
[White "Köpnick, Amanda"]
[Black "Wellßow, Keoki"]
[Result "0-1"]
[Termination "normal"]
[Board "9.3"]
[WhiteElo "1123"]
[BlackElo "1510"]
[WhiteTeam "TuS Makkabi Rostock 2"]
[BlackTeam "TuS Makkabi Rostock"]
[PlyCount "102"]
[WhiteFideId "34618538"]
[BlackFideId "16251075"]
[EventRounds "7"]
[EventType "team-swiss"]
[EventDate "2020.12.28"]

1. e4 {[%emt 0:00:04]} d6 {[%emt 0:00:05]} 2. Nf3 {[%emt 0:00:02]} e5 {[%emt
0:00:16]} 3. c3 {[%emt 0:00:11]} Nc6 {[%emt 0:00:30]} 4. d4 {[%emt 0:00:20]}
exd4 {[%emt 0:00:21]} 5. Nxd4 {[%emt 0:00:11]} Bd7 {[%emt 0:00:15]} 6. Be2
{[%emt 0:00:10]} Nf6 {[%emt 0:00:05]} 7. Qd3 {[%emt 0:00:12]} Qe7 {[%emt
0:00:17]} 8. Nd2 {[%emt 0:00:09]} O-O-O {[%emt 0:00:07]} 9. O-O {[%emt
0:00:03]} Re8 { [%emt 0:00:24]} 10. N2f3 {[%emt 0:00:23]} Qxe4 {[%emt 0:00:16]}
11. Qxe4 { [%emt 0:00:09]} Nxe4 {[%emt 0:00:18]} 12. Bb5 {[%emt 0:00:15]} Nxd4
{[%emt 0:00:49]} 13. Bxd7+ {[%emt 0:00:06]} Kxd7 {[%emt 0:00:03]} 14. Nxd4
{[%emt 0:00:01]} g6 {[%emt 0:00:08]} 15. Bf4 {[%emt 0:00:35]} f5 {[%emt
0:00:18]} 16. Nb5 { [%emt 0:00:07]} a6 {[%emt 0:00:04]} 17. Nd4 {[%emt
0:00:05]} Bg7 {[%emt 0:00:02]} 18. Nf3 {[%emt 0:00:12]} Re7 {[%emt 0:00:28]}
19. Ng5 {[%emt 0:00:17]} Bh6 {[%emt 0:01:10]} 20. Nf7 {[%emt 0:00:29]} Rxf7
{[%emt 0:01:00]} 21. Bxh6 { [%emt 0:00:03]} g5 {[%emt 0:00:27]} 22. f3 {[%emt
0:00:19]} Nd2 {[%emt 0:00:28] } 23. Rfe1 {[%emt 0:00:41]} Rg8 {[%emt 0:00:25]}
24. b3 {[%emt 0:00:19]} Rf6 { [%emt 0:00:21]} 25. Bxg5 {[%emt 0:00:10]} Rxg5
{[%emt 0:00:03]} 26. Rad1 { [%emt 0:00:07]} Nxf3+ {[%emt 0:00:04]} 27. Kf2
{[%emt 0:00:10] Rostock3-003 offers a draw} Nxe1 {[%emt 0:00:05]} 28. Rxe1
{[%emt 0:00:02]} Re6 {[%emt 0:00:03]} 29. Rd1 {[%emt 0:00:03]} Reg6 {[%emt
0:00:13]} 30. g3 {[%emt 0:00:03]} h5 {[%emt 0:00:03]} 31. Rd4 {[%emt 0:00:07]}
Rf6 {[%emt 0:00:13]} 32. h4 {[%emt 0:00:13]} Rg4 {[%emt 0:00:03]} 33. Rd3
{[%emt 0:00:08]} f4 {[%emt 0:00:06]} 34. gxf4 {[%emt 0:00:38]} Rgxf4+ {[%emt
0:00:02]} 35. Kg3 {[%emt 0:00:09]} Rg4+ { [%emt 0:00:12]} 36. Kh3 {[%emt
0:00:08]} Rff4 {[%emt 0:00:03]} 37. a4 {[%emt 0:01:08]} Rxh4+ {[%emt 0:00:07]}
38. Kg3 {[%emt 0:00:02]} Rfg4+ {[%emt 0:00:03]} 39. Kf3 {[%emt 0:00:03]} Rh3+
{[%emt 0:00:02]} 40. Ke2 {[%emt 0:00:03]} Rg2+ { [%emt 0:00:09]} 41. Kf1 {[%emt
0:00:07]} Rxd3 {[%emt 0:00:06]} 42. Kxg2 { [%emt 0:00:01]} Rxc3 {[%emt
0:00:01]} 43. Kf2 {[%emt 0:00:02]} Rxb3 {[%emt 0:00:02]} 44. Kg2 {[%emt
0:00:01]} h4 {[%emt 0:00:02]} 45. Kh2 {[%emt 0:00:02]} h3 {[%emt 0:00:01]} 46.
a5 {[%emt 0:00:05]} c5 {[%emt 0:00:07]} 47. Kg1 { [%emt 0:00:05]} Rb2 {[%emt
0:00:06]} 48. Kh1 {[%emt 0:00:03]} c4 {[%emt 0:00:07]} 49. Kg1 {[%emt 0:00:03]}
c3 {[%emt 0:00:02]} 50. Kf1 {[%emt 0:00:05]} h2 { [%emt 0:00:03]} 51. Ke1
{[%emt 0:00:06]} h1=Q# {[%emt 0:00:02]} 0-1

[Event "DSJ Weihnachtsturnier U16: Steinitz 2020"]
[Site ""]
[Date "2020.12.28"]
[Round "1"]
[White "Werner, Rosalie"]
[Black "Gavrylyuk, Oleksandr"]
[Result "1-0"]
[Termination "normal"]
[Board "10.1"]
[WhiteElo "1751"]
[BlackElo "1030"]
[WhiteTeam "VSG 1880 Offenbach"]
[BlackTeam "TuS Makkabi Rostock 3"]
[PlyCount "103"]
[WhiteFideId "16223748"]
[BlackFideId "34609083"]
[EventRounds "7"]
[EventType "team-swiss"]
[EventDate "2020.12.28"]

1. e4 {[%emt 0:00:03]} c5 {[%emt 0:00:05]} 2. Nf3 {[%emt 0:00:03]} Nc6 { [%emt
0:00:02]} 3. d4 {[%emt 0:00:03]} cxd4 {[%emt 0:00:02]} 4. Nxd4 {[%emt 0:00:01]}
g6 {[%emt 0:00:01]} 5. c4 {[%emt 0:00:04]} Bg7 {[%emt 0:00:02]} 6. Be3 {[%emt
0:00:06]} Nf6 {[%emt 0:00:02]} 7. Nc3 {[%emt 0:00:02]} O-O {[%emt 0:00:02]} 8.
Be2 {[%emt 0:00:06]} Qa5 {[%emt 0:00:05]} 9. f3 {[%emt 0:00:15]} d6 { [%emt
0:00:54]} 10. Qd2 {[%emt 0:00:25]} Bd7 {[%emt 0:00:10]} 11. O-O {[%emt
0:01:02]} Nxd4 {[%emt 0:00:08]} 12. Bxd4 {[%emt 0:00:05]} Bc6 {[%emt 0:00:03]}
13. Rfd1 {[%emt 0:00:28]} Rac8 {[%emt 0:00:22]} 14. Rac1 {[%emt 0:00:24]} a6 {
[%emt 0:00:21] Offenba3-001 reconnected.} 15. b3 {[%emt 0:03:27]} b5 {[%emt
0:00:25] Offenba3-001 reconnected.} 16. Qb2 {[%emt 0:00:45] Offenba3-001
reconnected. Offenba3-001 reconnected.} bxc4 {[%emt 0:00:59]} 17. Bxc4 { [%emt
0:00:07]} Rb8 {[%emt 0:00:23]} 18. Nd5 {[%emt 0:00:21]} Bxd5 {[%emt 0:00:15]}
19. Bxd5 {[%emt 0:00:03]} Rfc8 {[%emt 0:01:07] Offenba3-001 reconnected.
Offenba3-001 reconnected.} 20. Bc4 {[%emt 0:00:53]} Bh6 {[%emt 0:00:12]} 21.
Rc2 {[%emt 0:00:06]} Bg7 {[%emt 0:00:17]} 22. e5 {[%emt 0:00:13]} dxe5 { [%emt
0:00:06]} 23. Bxe5 {[%emt 0:00:04]} Qc5+ {[%emt 0:00:25]} 24. Bd4 { [%emt
0:00:06] Offenba3-001 reconnected.} Qh5 {[%emt 0:00:53] Offenba3-001
reconnected.} 25. Rdc1 {[%emt 0:00:24]} Bh6 {[%emt 0:00:08]} 26. Bxf7+ { [%emt
0:00:05]} Kxf7 {[%emt 0:00:12]} 27. Rxc8 {[%emt 0:00:00]} Bxc1 {[%emt 0:00:43]
Offenba3-001 reconnected. Offenba3-001 reconnected.} 28. Qxc1 {[%emt 0:00:40]}
Rxc8 {[%emt 0:00:05]} 29. Qxc8 {[%emt 0:00:03]} Qa5 {[%emt 0:00:08]} 30. Qc4+
{[%emt 0:00:04]} Kg7 {[%emt 0:00:24]} 31. Bxf6+ {[%emt 0:00:06]} exf6 {[%emt
0:00:09]} 32. Qe2 {[%emt 0:00:02]} Qc5+ {[%emt 0:00:13]} 33. Qf2 { [%emt
0:00:05]} Qc1+ {[%emt 0:00:13]} 34. Qf1 {[%emt 0:00:01]} Qe3+ {[%emt 0:00:06]}
35. Qf2 {[%emt 0:00:02]} Qc1+ {[%emt 0:00:09]} 36. Qf1 {[%emt 0:00:02]} Qa3
{[%emt 0:00:01]} 37. Qb1 {[%emt 0:00:06]} Qc5+ {[%emt 0:00:03]} 38. Kh1 { [%emt
0:00:07]} Qa3 {[%emt 0:00:03]} 39. h3 {[%emt 0:00:02]} h5 {[%emt 0:00:03] } 40.
Kh2 {[%emt 0:00:03]} Qd6+ {[%emt 0:00:02]} 41. Kh1 {[%emt 0:00:03]} g5 { [%emt
0:00:06]} 42. a4 {[%emt 0:00:04]} Qb4 {[%emt 0:00:03]} 43. Qd1 {[%emt 0:00:03]}
Qe7 {[%emt 0:00:11]} 44. Kg1 {[%emt 0:00:03]} Qc5+ {[%emt 0:00:05]} 45. Kh1
{[%emt 0:00:01]} Qe7 {[%emt 0:00:02]} 46. Qd2 {[%emt 0:00:03]} Qb7 { [%emt
0:00:09]} 47. Qc3 {[%emt 0:00:03]} Qf7 {[%emt 0:00:09]} 48. Qc4 {[%emt
0:00:01]} Qb7 {[%emt 0:00:05]} 49. Qe6 {[%emt 0:00:03]} Kg6 {[%emt 0:00:04]}
50. Qg8+ {[%emt 0:00:02]} Kf5 {[%emt 0:00:14]} 51. Qc4 {[%emt 0:00:01]} Qb6 {
[%emt 0:00:04]} 52. Qe4# {[%emt 0:00:01]} 1-0

[Event "DSJ Weihnachtsturnier U16: Steinitz 2020"]
[Site ""]
[Date "2020.12.28"]
[Round "1"]
[White "Markovych, Leonid"]
[Black "Werner, Florin"]
[Result "1/2-1/2"]
[Termination "normal"]
[Board "10.2"]
[WhiteElo "1218"]
[BlackElo "1533"]
[WhiteTeam "TuS Makkabi Rostock 3"]
[BlackTeam "VSG 1880 Offenbach"]
[PlyCount "71"]
[WhiteFideId "34618449"]
[BlackFideId "16250230"]
[EventRounds "7"]
[EventType "team-swiss"]
[EventDate "2020.12.28"]

1. d4 {[%emt 0:00:06]} d5 {[%emt 0:00:03]} 2. c4 {[%emt 0:00:04]} e6 {[%emt
0:00:02]} 3. Nf3 {[%emt 0:00:06]} Nf6 {[%emt 0:00:06]} 4. Bg5 {[%emt 0:00:15]}
Be7 {[%emt 0:00:03]} 5. Nc3 {[%emt 0:00:06]} h6 {[%emt 0:00:03]} 6. Bh4 { [%emt
0:00:04]} a6 {[%emt 0:00:06]} 7. e3 {[%emt 0:00:07]} O-O {[%emt 0:00:05]} 8.
Bd3 {[%emt 0:00:10]} c5 {[%emt 0:01:27]} 9. dxc5 {[%emt 0:00:45]} Bxc5 { [%emt
0:00:07]} 10. cxd5 {[%emt 0:00:21]} exd5 {[%emt 0:00:04]} 11. Bxf6 { [%emt
0:00:11]} Qxf6 {[%emt 0:00:07]} 12. Qc2 {[%emt 0:00:31]} Qd6 {[%emt 0:00:15]}
13. Rd1 {[%emt 0:00:48]} Re8 {[%emt 0:00:09]} 14. O-O {[%emt 0:00:15]} Bg4
{[%emt 0:00:06]} 15. Be2 {[%emt 0:00:20]} Bxf3 {[%emt 0:00:05]} 16. Bxf3 {
[%emt 0:00:05]} d4 {[%emt 0:00:07]} 17. exd4 {[%emt 0:00:13]} Bb6 {[%emt
0:00:18]} 18. Bxb7 {[%emt 0:00:19]} Ra7 {[%emt 0:00:12]} 19. Bf3 {[%emt
0:00:08]} Rae7 {[%emt 0:00:05]} 20. Qd2 {[%emt 0:00:33]} Nc6 {[%emt 0:00:16]}
21. d5 { [%emt 0:00:21]} Ne5 {[%emt 0:00:05]} 22. Be2 {[%emt 0:01:22]} Ng6
{[%emt 0:00:58]} 23. Kh1 {[%emt 0:00:40]} Nf4 {[%emt 0:00:08]} 24. Bf3 {[%emt
0:00:12]} g5 {[%emt 0:00:56]} 25. Rfe1 {[%emt 0:00:07]} Rxe1+ {[%emt 0:00:10]}
26. Rxe1 { [%emt 0:00:04]} Rxe1+ {[%emt 0:00:03]} 27. Qxe1 {[%emt 0:00:02]} Qc5
{[%emt 0:00:06]} 28. Qe8+ {[%emt 0:00:24]} Kg7 {[%emt 0:00:09]} 29. Qe5+ {[%emt
0:00:08] } Kg8 {[%emt 0:00:11]} 30. Qe8+ {[%emt 0:00:09]} Kg7 {[%emt 0:00:03]}
31. Qe5+ {[%emt 0:00:02] Rostock4-002 offers a draw} Kh7 {[%emt 0:00:07]} 32.
Be4+ { [%emt 0:00:07]} Kg8 {[%emt 0:00:05]} 33. Qe8+ {[%emt 0:00:16]} Kg7
{[%emt 0:00:02]} 34. Qe5+ {[%emt 0:00:02]} Kg8 {[%emt 0:00:12]} 35. Qe8+ {[%emt
0:00:03]} Kg7 {[%emt 0:00:03]} 36. Qe5+ {[%emt 0:00:02]} 1/2-1/2